• 首页
  • 本馆介绍
  • 公告通知
  • 最新文献
  • 馆藏检索
  • 电子资源
  • 读者导购
  • 参考咨询
  • 我的图书馆
  • 登录
  • 详细信息显示
  • 放入我的书架
  • 预约/预借图书
  • 作者相关作品
  • 分类相关作品
  • 丛书相关作品
  • 出版社相关作品

书目信息

  • 表格格式
  • 工作单格式
  • 卡片格式
题名:
学院与大学建筑
    
 
作者: 纽曼 著 ;薛力 , 孙世界 译
分册:  
出版信息: 北京   中国建筑工业出版社  2007
页数: 304页
开本: 24cm
丛书名: 国外建筑设计方法与实践丛书
单 册:
中图分类: TU244.3-64
科图分类:
主题词: 高等学校--建筑设计--外国--图集 , 高等学校 , 建筑设计
电子资源:
ISBN: 978-7-112-09622-0
000 01156oam2 2200313 450
001 003639561
005 20091230085823.43
010    @a978-7-112-09622-0@dCNY69.00
100    @a20070104d2007 em y0chiy0110 ea
101 1  @achi@ceng
102    @aCN@b110000
105    @aa z 000yy
106    @ar
200 1  @a学院与大学建筑@9xue yuan yu da xue jian zhu@f(美)戴维·纽曼(David J. Neuman)著@g薛力,孙世界译
210    @a北京@c中国建筑工业出版社@d2007
215    @a304页@c图@d24cm
225 2  @a国外建筑设计方法与实践丛书
305    @a美国John Wiley & Sons, Inc.出版公司授权出版
330    @a在本书中探讨了有关校园建筑各方面的主要问题,包括校园规划、学院图书馆/学习中心、教学建筑和专业学院、科学教学与研究设施、校园住宅、体育与休闲设施、社会与支持性设施、文化中心等九章。
461  0 @12001 @a国外建筑设计方法与实践丛书
606 0  @a高等学校@x建筑设计@y外国@j图集
606 0  @a高等学校
606 0  @a建筑设计
690    @aTU244.3-64@v4
701  0 @c(美)@a纽曼@9niu man@c(Neuman, David J.)@4著
702  0 @a薛力@9xue li@4译
702  0 @a孙世界@9sun shi jie@4译
801  0 @aCN@bNLC@c20091230
905    @b20798509-13@dTU244.3-64@e491@f5
    
    学院与大学建筑/(美)戴维·纽曼(David J. Neuman)著/薛力,孙世界译.-北京:中国建筑工业出版社,2007
    304页:图;24cm.-(国外建筑设计方法与实践丛书)
    
    
    ISBN 978-7-112-09622-0:CNY69.00
    在本书中探讨了有关校园建筑各方面的主要问题,包括校园规划、学院图书馆/学习中心、教学建筑和专业学院、科学教学与研究设施、校园住宅、体育与休闲设施、社会与支持性设施、文化中心等九章。
●
相关链接 在E读中查询图书 在五车中查询图书 在当当中查询图书 在豆瓣中查询图书


正题名:学院与大学建筑     索取号:TU244.3-64/491         预约/预借

序号 登录号 条形码 馆藏地/架位号 状态 备注
1 798509   207985091   第二样本阅览室/ [索取号:TU244.3-64/491] 在馆    
2 798510   207985108   第三借阅区/ [索取号:TU244.3-64/491] 在馆    
3 798511   207985117   第三借阅区/ [索取号:TU244.3-64/491] 在馆    
4 798512   207985126   第三借阅区/ [索取号:TU244.3-64/491] 在馆    
5 798513   207985135   第三借阅区/ [索取号:TU244.3-64/491] 在馆    
唐山师范学院图书馆 欢迎您!
大连网信软件有限公司© 版权所有